Which Greek God or Goddess? - Statistics

General Stats
  • This quiz has been taken 25 times
  • The average score is 22 of 31
Answer Stats
Hint Answer % Correct
Goddess of Love Aphrodite
90%
God of the Sea Poseidon
90%
Goddess of Wisdom Athena
85%
King of the Gods Zeus
85%
Goddess of Beauty Aphrodite
80%
God of War Ares
80%
God of Wine Dionysus
80%
God of the Underworld Hades
80%
Messenger of the Gods Hermes
80%
God of Lightning Zeus
80%
God of Light Apollo
75%
Married to Persephone Hades
75%
God of Metalworking Hephaestus
75%
Queen of the Gods Hera
75%
God of the Oracle in Delphi Apollo
70%
Sister of Apollo Artemis
70%
Goddess of Hunting Artemis
70%
God of Thieves Hermes
70%
Married to Hephaestus Aphrodite
65%
God of Music Apollo
65%
Lover of Aphrodite Ares
65%
Goddess of War Athena
65%
Goddess of Agriculture Demeter
65%
God of Fire Hephaestus
65%
Crippled God Hephaestus
65%
Goddess of Marriage Hera
65%
Mother of Persephone Demeter
55%
God of Ecstasy Dionysus
55%
Goddess of the Hearth Hestia
55%
Goddess of the Parthenon Athena
50%
God of Horses Poseidon
50%
No matching quizzes found
Score Distribution
Percent of People with Each Score
Percentile by Number Answered
Your Score History
You have not taken this quiz